000 00475nam a2200169Ia 4500
005 20250326130638.0
008 250326s9999 xx 000 0 und d
037 _aTextbook
040 _aFMSL
_beng
_cFMSL
041 _aeng
_2eng
084 _aX8(J) Q0
_qFMSL
100 _aLawrence G
_9741023
245 0 _aFood security,nutrition and sustainability
_cLawrence G
260 _aN.Y
_bN.Y, Earthscan
_c2010
942 _cTB
_hX8(J) Q0
999 _c1283454
_d1283454